000 00674nam a22001937a 4500
999 _c5217
_d5217
003 AR-CdUCM
008 190312b ||||| |||| 00| 0 spa d
040 _aMUNICIPALIDAD PROVINCIAL DEL CUSCO
_cBIBLIOTECA MUNICIPAL DEL CUSCO
082 _a720 /
_bB24
100 _aBassegoda Musté, Buenaventura
_915821
245 _aNuevo glosario de vocablos usuales en la técnica edificatoria : Diccionario políglota de la arquitectura /
260 _aBarcelona :
_bEditores Técnicos Asociados,
_c1976.
300 _a366 páginas ;
_c24 cm.
650 _aGlosario
_915822
650 _aArquitectura
_93356
650 _aDiccionario
_95196
942 _2ddc
_cLIBROS
945 _admma